The Art of Speeches and Presentations (Record no. 39108)
[ view plain ]
| 000 -LEADER | |
|---|---|
| fixed length control field | 00616nam a22002057a 4500 |
| 003 - CONTROL NUMBER IDENTIFIER | |
| control field | UMwl |
| 005 - DATE AND TIME OF LATEST TRANSACTION | |
| control field | 20140311162958.0 |
| 008 - FIXED-LENGTH DATA ELEMENTS--GENERAL INFORMATION | |
| fixed length control field | 130218t xxu||||| |||| 00| 0 eng d |
| 020 ## - INTERNATIONAL STANDARD BOOK NUMBER | |
| International Standard Book Number | 9780470711958 |
| 050 ## - LIBRARY OF CONGRESS CALL NUMBER | |
| Classification number | PN 4129.15 |
| Item number | .C683 2012 |
| 082 ## - DEWEY DECIMAL CLASSIFICATION NUMBER | |
| Classification number | PN4129.15 |
| Item number | .C683 2012 |
| 100 ## - MAIN ENTRY--PERSONAL NAME | |
| Personal name | Philip Collins |
| 245 ## - TITLE STATEMENT | |
| Title | The Art of Speeches and Presentations |
| Remainder of title | The Secrets of Making People Remember What You Say |
| Statement of responsibility, etc | Collins, Philip |
| 260 ## - PUBLICATION, DISTRIBUTION, ETC. (IMPRINT) | |
| Place of publication, distribution, etc | Hoboken |
| Name of publisher, distributor, etc | John Wiley & Sons |
| Date of publication, distribution, etc | 2012 |
| 300 ## - PHYSICAL DESCRIPTION | |
| Extent | 169 p. : |
| Dimensions | 22 cm. |
| Other physical details | ill. ; |
| 562 ## - COPY AND VERSION IDENTIFICATION NOTE | |
| Number of copies | 1 |
| 650 ## - SUBJECT ADDED ENTRY--TOPICAL TERM | |
| Topical term or geographic name as entry element | 1. Public speaking |
| 942 ## - ADDED ENTRY ELEMENTS (KOHA) | |
| Source of classification or shelving scheme | Library of Congress Classification |
| Koha item type | Books |
| Call number prefix | Foreign |
| Withdrawn status | Lost status | Source of classification or shelving scheme | Damaged status | Home library | Current library | Shelving location | Date acquired | Total Checkouts | Total Renewals | Full call number | Barcode | Date last seen | Date checked out | Copy number | Price effective from | Koha item type |
|---|---|---|---|---|---|---|---|---|---|---|---|---|---|---|---|---|
| Library of Congress Classification | College Library | College Library | Reserve Section | 01/08/2014 | 2 | 1 | PN 4129.15 .C683 2012 | C15294 | 10/12/2022 | 09/16/2022 | 1 | 01/08/2014 | Books |